| 000 -ლიდერი |
| ფიქსირებული სიგრძის საკონტროლო ველი |
01459nam a22002537a 4500 |
| 003 - საკონტროლო ნომრის იდენტიფიკატორი |
| საკონტროლო ველი |
Ge_BSU |
| 005 - ბოლო ოპერაციის თარიღი და დრო |
| საკონტროლო ველი |
20250602110615.0 |
| 008 - ფიქსირებული სიგრძის მონაცემთა ელემენტები - ზოგადი ინფორმაცია |
| ფიქსირებული სიგრძის საკონტროლო ველი |
250602s2024 ge ||||| |||| 00| 0 geo d |
| 020 ## - წიგნის საერთაშორისო სტანდარტული ნომერი |
| International Standard Book Number |
9789941987878 |
| 041 ## - ენის კოდი |
| Language code of text/sound track or separate title |
geo |
| 080 ## - უნივერსალური ათობითი კლასიფიკაციის ინდექსი |
| Universal Decimal Classification number |
1-37 ქ-79 |
| 100 ## - მთავარი ჩანაწერი - პიროვნების სახელი |
| Personal name |
ქსენოფონტი |
| 9 (RLIN) |
748 |
| 245 ## - ცნობა სათაურის შესახებ |
| Title |
მოგონებები სოკრატეზე; სოკრატეს აპოლოგია = Memorabilia ; Apologia Socratis / |
| Statement of responsibility, etc |
ქსენოფონტი; ძვ. ბერძნ. თარგმნა, შესავალი წერილი, შენიშვნები და სახელთა საძიებელი დაურთო აკაკი ურუშაძემ ; მხატვარი მერაბ გეწაძე. |
| 250 ## - გამოცემის ცნობა |
| Edition statement |
I ქართული გამოცემა |
| 264 ## - წარმოების, გამოცემის, დისტრიბუციის და სხვა ცნობები |
| გამოცემის, წარმოების, დისტრიბუციის... ადგილი |
თბილისი : |
| გამოცემის, წარმოების, დისტრიბუციის... სახელწოდება |
Carpe diem, |
| გამოცემის, წარმოების, დისტრიბუციის... თარიღი |
2024. |
| 300 ## - ფიზიკური აღწერა |
| Extent |
271 გვ. ; |
| Other physical details |
16 სმ. |
| 500 ## - ზოგადი შენიშვნა |
| General note |
პირთა, ეთნიკური და გეოგრაფიული სახელები: გვ. 271. |
| 501 ## - შენიშვნა თანმხლებ მასალაზე |
| With note |
შენიშვნები: გვ. 247-270. |
| 653 ## - INDEX TERM--UNCONTROLLED |
| Uncontrolled term |
სოკრატე |
| 653 ## - INDEX TERM--UNCONTROLLED |
| Uncontrolled term |
ფილოსოფია |
| 700 ## - ADDED ENTRY--PERSONAL NAME |
| Personal name |
ურუშაძე, აკაკი |
| Relator term |
მთარგმნელი |
| 9 (RLIN) |
25202 |
| 700 ## - ADDED ENTRY--PERSONAL NAME |
| Personal name |
გეწაძე, მერაბ |
| Relator term |
მხატვარი |
| 9 (RLIN) |
5470 |
| 942 ## - ADDED ENTRY ELEMENTS (KOHA) |
| Source of classification or shelving scheme |
|
| Koha item type |
წიგნი |